000 00630nam a2200193Ia 4500
005 20250508155851.0
008 008 250505s9999 xx 000 0 eng d
037 _aDissertations
040 _aFEDL
_beng
_cFEDL
041 _aeng
_2eng
084 _a507, GUP/DI
_qFEDL
100 _aGupta Ved Pradash
_9767726
245 0 _aFormulation of a list of general science concepts for classes 6th, 7th and 8th of Delhi schools as judged by science teachers
260 _c1965
300 _a90p.
546 _aM. Ed. dissertations, 1965 (Delhi University)
942 _cDIS
_h507, GUP/DI
999 _c1359730
_d1359730